Normal view
MARC view
Entry Personal Name
001 - CONTROL NUMBER
- control field: 4381
003 - CONTROL NUMBER IDENTIFIER
- control field: OSt
005 - DATE AND TIME OF LATEST TRANSACTION
- control field: 20150429161356.0
008 - FIXED-LENGTH DATA ELEMENTS
- fixed length control field: 150429|| aca||aabn | a|a d
040 ## - CATALOGING SOURCE
- Original cataloging agency: OSt
- Transcribing agency: OSt
100 ## - HEADING--PERSONAL NAME
- Personal name: Lanzkowsky, Philip,
- Dates associated with a name: 1932-
670 ## - SOURCE DATA FOUND
- Source citation: Work cat.: (OSt)1658: Lanzkowsky, Philip, 1932-, Pediatric hematology-oncology :, c1980.
